Central Library OPAC University of Rajshahi

Bioecology of Bend and Guava Infesting Eriophyid Mite (Acarina) : (Record no. 83772)

MARC details
000 -LEADER
fixed length control field 00986nam a2200253 a 4500
001 - CONTROL NUMBER
RUCL Control Number 83772
003 - CONTROL NUMBER IDENTIFIER
rucl marc code BD-RjUL
005 - DATE AND TIME OF LATEST TRANSACTION
control field 20240519104928.0
008 - FIXED-LENGTH DATA ELEMENTS--GENERAL INFORMATION
fixed length control field 240519s1995 bg a|||| m||| 00| 0 eng d
035 ## - SYSTEM CONTROL NUMBER
system control number (BD-RjUL)83772
040 ## - CATALOGING SOURCE
Original cataloging agency BD-RjUL
Language of cataloging eng
Transcribing agency BD-RjUL
Modifying agency BD-RjUL
041 ## - LANGUAGE CODE
Language code of Book eng
082 ## - DEWEY DECIMAL CLASSIFICATION NUMBER
DDC Edition number 23
Classification number 595.42
Author mark and Year HAB 1995
100 ## - MAIN ENTRY--PERSONAL NAME
Personal name Haque, Mohd. Mainul
245 10 - TITLE STATEMENT
Title Bioecology of Bend and Guava Infesting Eriophyid Mite (Acarina) :
Remainder of title Eriophyoidea of Rajshahi /
Statement of responsibility, etc By Mohd. Mainul Haque ;
Name of Supervisor/Co-Supervisor Supervisor : M. Khalequzzaman, Supervisor : Bidhan Chandra Das
260 ## - PUBLICATION, DISTRIBUTION, ETC. (IMPRINT)
Place of publication, distribution, etc Rajshahi :
Name of publisher, distributor, etc Department of Zoology, University of Rajshahi,
Date of publication, distribution, etc 1995
300 ## - PHYSICAL DESCRIPTION
Pagination [7], ii, 233 Leaves :
Other physical details ill, ;
Dimensions 29 cm.
502 ## - DISSERTATION NOTE
Dissertation note Thesis (Ph. D.) -- Department of Zoology, University of Rajshahi, 1995
504 ## - BIBLIOGRAPHY, ETC. NOTE
Bibliography, etc References : Leaves [169]-189
650 ## - SUBJECT ADDED ENTRY--TOPICAL TERM
Topical term or geographic name as entry element Arthropoda
Form subdivision Acari
9 (RLIN) 13066
700 ## - ADDED ENTRY--SUPERVISOR/CO-SUPERVISOR NAME
Personal name Khalequzzaman, M. Supervisor
9 (RLIN) 4602
Personal name Das, Bidhan Chandra, Supervisor
9 (RLIN) 6370
942 ## - ADDED ENTRY ELEMENTS (KOHA)
Source of classification or shelving scheme Dewey Decimal Classification
Koha item type Theses
Holdings
Source of classification or shelving scheme Damaged status Not for loan Collection code Permanent Location Current Location Shelving location Date of accession Source of acquisition Total Checkouts Full call number Barcode Date last seen Copy number Thesis
Dewey Decimal Classification   Not For Loan Theses Central Library, University of Rajshahi Central Library, University of Rajshahi Documentation Section 29/01/1996 Controller of Exam. R. U.   THE 595.42 HAB 1995 D1810 19/05/2024 C-I Theses